[Event "Mississauga Spring op U2000"]
[Site "Mississauga"]
[Date "2019.03.23"]
[Round "2"]
[White "Green, Ken"]
[Black "Liu, Harrison"]
[Result "1-0"]
[WhiteElo "1734"]
[BlackElo "1756"]
[PlyCount "95"]
[EventDate "2019.03.23"]
[EventType "swiss"]
[EventRounds "5"]
[EventCountry "CAN"]
[SourceTitle "EXT 2022"]
[Source "ChessBase"]
[SourceDate "2021.10.06"]
[SourceVersion "1"]
[SourceVersionDate "2021.10.06"]
[SourceQuality "1"]

1. d4 Nf6 2. Bf4 g6 3. Nc3 d5 4. e3 Bg7 5. Nf3 0-0 6. h4 h5 7. Nb5 Ne8 8. Ne5 c6 9. Nc3 Nd7 10. Bd3 Nxe5 11. Bxe5 Nf6 12. Qd2 b5 13. f3 a5 14. Ne2 Nd7 15. Bxg7 Kxg7 16. g4 Nf6 17. g5 Ne8 18. Ng3 Qc7 19. Rg1 Nd6 20. f4 e6 21. e4 dxe4 22. Nxe4 Nf5 23. Qf2 Rd8 24. Nf6 Ne7 25. 0-0-0 Ba6 26. Be4 Nd5 27. Bxd5 cxd5 28. Rg3 b4 29. Kb1 Rdc8 30. Re3 Rab8 31. Rde1 Qd6 32. Re5 Bb7 33. Qd2 Rc4 34. R1e2 Rbc8 35. Qe3 Qc6 36. Qf2 Qb6 37. Rd2 Qc6 38. f5 Rf8 39. fxe6 fxe6 40. Qe3 Bc8 41. Qd3 Ba6 42. Qf3 Bb7 43. Rf2 Rxd4 44. Nxh5+ Kh7 45. Nf6+ Kg7 46. h5 Qd6 47. Re1 Rh4 48. Ne8+ 1-0